Music Quiz

Random Music or Lyrics Quiz

Spice Girls Lyrics Quiz Stats

 Plays Quiz not verified by Sporcle

Challenge
Share
Tweet
Embed
Score 0/20 Timer 05:00
0 Plays Today
Lyrics Song % Correct
Now I'm back for more.2 Become 1
73.5%
Get out of my face.Stop
66.8%
And all that's in between.Spice Up Your Life
66.2%
You'll always be someone's baby.Goodbye
57.4%
I never, ever thought that would be.Say You'll Be There
49.5%
Uncover the truth from the lies.Naked
33.3%
Kick some ass.Lady Is a Vamp
29.5%
Freak out, lose control.Do It
27.7%
And we're ready to go.Move Over
26.8%
Hey now, look around.Never Give Up On The Good Times
25.1%
Lyrics Song % Correct
I didn't know we'd get so far.Saturday Night Divas
23.5%
You may feel weak.Let Love Lead The Way
20.4%
Your love is alive.Headlines
16.8%
Or get left behind.Something Kinda Funny
14.8%
I'm gonna wipe that smile off your face.Step To Me
13.6%
Floating forever in zero-gravity.Outer Space Girls
12.7%
'Cause tonight, there's only one thing on my mind.Get Down With Me
11%
You've got to express yourself.Voodoo
9.5%
You are the reason that my heart beats.Time Goes By
8.2%
Putting music to beat.W.O.M.A.N.
4.1%

You're not logged in!

Compare scores with friends on all Sporcle quizzes.
Join for Free
OR
Log In

You Might Also Like...

Show Comments

Extras

Top Quizzes Today


Score Distribution

Your Account Isn't Verified!

In order to create a playlist on Sporcle, you need to verify the email address you used during registration. Go to your Sporcle Settings to finish the process.

Report this User

Report this user for behavior that violates our Community Guidelines.

Details: